00395nam a22001337a 450000500170000000800410001704100130005808200150007110000250008624500550011126000400016630000290020665000260023520231127065033.0231127b |||||||| |||| 00| 0 eng d aEnglish  a340.5 CLA  aClark, EC lEnglish  aEarly Roman Law : bThe Regal Period / cEC Clark  aLondon : bMacmillan and Co. c1872 bv, 151 pages ; c20 cm.  aLegal practice bLaw